Financie mesačník vydavateľstva Ecopress

Salvato in:
Dettagli Bibliografici
Natura: Periodico
Lingua:slovacco
Pubblicazione: Bratislava ECOPRESS
Soggetti:
Tags: Aggiungi Tag
Nessun Tag, puoi essere il primo ad aggiungerne!!

MARC

LEADER 00000nas1a2200000$$$4500
001 0049513
005 20230907103633.0
022 |a 1337-0146 
041 0 |a slo 
044 |a SK 
245 1 0 |a Financie  |b mesačník vydavateľstva Ecopress 
264 1 |a Bratislava  |b ECOPRESS 
500 |a Časopis prestal vychádzať 1.1.2018 
610 2 0 |a financie 
610 2 0 |a trh finančný 
610 2 0 |a trh kapitálový 
610 2 0 |a politika menová